[Event "Sachsen-ch U12"]
[Site "Sebnitz"]
[Date "2013.04.06"]
[Round "7"]
[White "Poeschl, Ole"]
[Black "Schubert, Arvid"]
[Result "0-1"]
[WhiteElo "1380"]
[BlackElo "1510"]
[PlyCount "100"]
[EventDate "2013.04.02"]
[EventType "swiss"]
[EventRounds "7"]
[EventCountry "GER"]
[SourceTitle "EXT 2014"]
[Source "ChessBase"]
[SourceDate "2013.11.20"]
[SourceVersion "1"]
[SourceVersionDate "2013.11.20"]
[SourceQuality "1"]

1. e4 c5 2. Nf3 d6 3. d4 cxd4 4. Nxd4 Nf6 5. Nc3 a6 6. Be2 e6 7. 0-0 Be7 8. Be3 0-0 9. Qd2 Qc7 10. Rad1 b5 11. a3 Bb7 12. Bf3 Rd8 13. Qe2 Nc6 14. Nxc6 Bxc6 15. g3 Rac8 16. Bg2 Qb7 17. f3 a5 18. Bf2 b4 19. Nb1 Bb5 20. Qe3 Bxf1 21. Bxf1 Rxc2 22. Rd2 Rxd2 23. Qxd2 d5 24. e5 Nd7 25. f4 Nc5 26. axb4 Ne4 27. Qe1 axb4 28. Bd4 Bc5 29. Bxc5 Nxc5 30. Nd2 Qb6 31. Kg2 Qa5 32. Nf3 Na4 33. b3 Nc3 34. Nd4 Rc8 35. Qf2 Qa2 36. Qxa2 Nxa2 37. Kf2 Nc1 38. Bb5 Rc3 39. Ba4 Nd3+ 40. Ke2 Nc5 41. g4 Nxa4 42. bxa4 Ra3 43. Kd2 Rxa4 44. Kc2 b3+ 45. Nxb3 Rxf4 46. h3 Rf3 47. Nd4 Rxh3 48. Kd2 Rh4 49. Ke3 Rxg4 50. Nf3 Rg3 0-1

[Event "Sachsen-ch U10"]
[Site "Sebnitz"]
[Date "2011.04.30"]
[Round "7"]
[White "Schubert, Arvid"]
[Black "Zienert, Richard"]
[Result "0-1"]
[WhiteElo "1403"]
[BlackElo "1233"]
[PlyCount "104"]
[EventDate "2011.04.26"]
[EventType "swiss"]
[EventRounds "7"]
[EventCountry "GER"]
[SourceTitle "EXT 2012"]
[Source "ChessBase"]
[SourceDate "2011.11.24"]
[SourceVersion "1"]
[SourceVersionDate "2011.11.24"]
[SourceQuality "1"]

1. e4 c5 2. Nf3 e6 3. d4 cxd4 4. Nxd4 a6 5. Bc4 Qc7 6. Bb3 Nf6 7. Nc3 Bb4 8. Bd2 Bxc3 9. Bxc3 Nxe4 10. Qf3 Nxc3 11. Qxc3 Qxc3+ 12. bxc3 0-0 13. 0-0 Nc6 14. Rab1 Nxd4 15. cxd4 b5 16. d5 Bb7 17. dxe6 dxe6 18. Rfd1 Rfd8 19. Rxd8+ Rxd8 20. h3 Kf8 21. a3 Ke7 22. c4 h6 23. Rc1 Rc8 24. c5 Kd7 25. Bd1 Bd5 26. f4 Bc4 27. Bf3 Rxc5 28. Rd1+ Bd5 29. Be2 Rc2 30. Bf1 Kc6 31. Ra1 Ra2 32. Rc1+ Kd7 33. Rd1 Rxa3 34. f5 Kd6 35. fxe6 fxe6 36. Kf2 b4 37. Rb1 b3 38. Bd3 a5 39. Ke3 a4 40. Kd4 Ra2 41. Kc3 a3 42. g3 b2 43. Kc2 e5 44. g4 e4 45. Be2 Kc5 46. h4 Kb4 47. Bd1 Bb3+ 48. Kd2 Bxd1 49. Kxd1 Ra1 50. Kc2 Rxb1 51. Kxb1 Kb3 52. h5 a2# 0-1

[Event "Sachsen-ch U10"]
[Site "Sebnitz"]
[Date "2011.04.29"]
[Round "6"]
[White "Wong, Gengchun"]
[Black "Schubert, Arvid"]
[Result "0-1"]
[WhiteElo "1371"]
[BlackElo "1403"]
[PlyCount "134"]
[EventDate "2011.04.26"]
[EventType "swiss"]
[EventRounds "7"]
[EventCountry "GER"]
[SourceTitle "EXT 2012"]
[Source "ChessBase"]
[SourceDate "2011.11.24"]
[SourceVersion "1"]
[SourceVersionDate "2011.11.24"]
[SourceQuality "1"]

1. e4 e5 2. Nf3 d6 3. d4 f6 4. d5 f5 5. Bd3 fxe4 6. Bxe4 Nf6 7. Bd3 Nxd5 8. Bc4 Nb6 9. Bb3 Be7 10. Nc3 Nc6 11. Nd5 Na5 12. Nxb6 axb6 13. Bd5 c6 14. Bb3 Nxb3 15. cxb3 0-0 16. 0-0 Bg4 17. Qd3 Bxf3 18. gxf3 d5 19. Kh1 Bd6 20. Rg1 Qh4 21. Rg2 Rf7 22. Bg5 Qh5 23. Rag1 Qxf3 24. Qxf3 Rxf3 25. Be7 Bxe7 26. Rxg7+ Kh8 27. Rxe7 Rxf2 28. Rxb7 Rxb2 29. Rxb6 Rbxa2 30. Rxc6 Ra1 31. Rc5 Rxg1+ 32. Kxg1 Rd8 33. Kf2 Kg7 34. b4 Kf6 35. b5 d4 36. Ke2 Ke6 37. b6 Rb8 38. Rc7 Rxb6 39. Rxh7 Rb3 40. h4 e4 41. Rc7 Rb2+ 42. Kd1 Rh2 43. Rh7 Kf5 44. h5 Kf4 45. Rf7+ Ke3 46. Rf1 Rxh5 47. Re1+ Kd3 48. Rg1 Rh2 49. Rg3+ e3 50. Rg1 Rd2+ 51. Kc1 Kc3 52. Rg3 Re2 53. Kd1 d3 54. Rg1 Rd2+ 55. Kc1 e2 56. Rh1 Rd1+ 57. Rxd1 exd1Q+ 58. Kxd1 d2 59. Ke2 Kc2 60. Ke3 d1Q 61. Ke4 Qh5 62. Kf4 Kd3 63. Kg3 Ke3 64. Kg2 Qf3+ 65. Kg1 Qe2 66. Kh1 Kf3 67. Kg1 Qg2# 0-1